| 000 | 00570cam a2200205 i 4500 | ||
|---|---|---|---|
| 001 | 371366 | ||
| 003 | OSt | ||
| 005 | 20150211102734.0 | ||
| 008 | 780306s1977 es f000 0aspa | ||
| 010 | _a 77575008 | ||
| 040 | _cBMC | ||
| 082 | _a808.0687284 | ||
| 100 | 1 |
_aLars, Claudia _d1899-1974 _929401 |
|
| 245 | 1 | 0 |
_aTierra de infancia _cClaudia Lars |
| 250 | _a4ª ed | ||
| 260 |
_aSan Salvador _bMinisterio de Educación, Dirección de Publicaciones _c1977 |
||
| 300 |
_a213 p. _c18 cm |
||
| 650 | 2 | 4 |
_aCuentos salvadoreños _929639 |
| 942 |
_2ddc _cBK _hahoj |
||
| 999 |
_c18430 _d18430 |
||